Propuestas temáticas para la Educación en Derechos Humanos.

Tallennettuna:
Bibliografiset tiedot
Yhteisötekijä: Corporación Nacional de Reparación y Reconciliación
Aineistotyyppi: Kirja
Kieli:espanja
Julkaistu: Santiago, Chile Corporación Nacional de Reparación y Reconciliación 1996
Painos:2a. ed
Sarja:Biblioteca Básica para la Educación en Derechos Humanos. 1
Aiheet:
Tagit: Lisää tagi
Ei tageja, Lisää ensimmäinen tagi!

MARC

LEADER 00000nam a2200000 a 4500
001 UCU1334
003 CL-VaPUC
005 20210709001708.0
008 960404e19960000CL |||||||||||||||||spa|d
999 |c 245988  |d 245986 
040 |c Pontificia Universidad Católica de Valparaíso 
082 0 4 |a 323.4 COR 1996  |2 21 
110 2 |a Corporación Nacional de Reparación y Reconciliación  |9 356962 
245 1 0 |a Propuestas temáticas para la Educación en Derechos Humanos. 
250 |a 2a. ed 
260 0 3 |a Santiago, Chile  |b Corporación Nacional de Reparación y Reconciliación  |c 1996 
300 |a 554 páginas 
490 0 |a Biblioteca Básica para la Educación en Derechos Humanos.  |v 1 
583 |a last modification  |c 19960404 00:00:00  |k Rodrigo Vera 
650 0 |a Derechos humanos  |9 223025 
650 7 |a REGIMEN MILITAR  |2 CL-VaPUC  |9 356963 
650 0 |a Abuso de poder  |9 324689 
650 7 |a IMPUNIDAD  |2 CL-VaPUC  |9 356964 
650 0 |a Esclavitud  |9 323605 
650 7 |a SERVIDUMBRE  |2 CL-VaPUC  |9 353384 
942 |c BK  |2 ddc 
945 |d 19960404 00:00:00  |a rleighto 
952 |0 0  |1 0  |2 ddc  |4 0  |6 323_400000000000000_COR_1996  |7 0  |8 A  |9 260688  |a BIBHIS  |b BIBHIS  |d 2019-11-19  |i 3387828  |o 323.4 COR 1996  |p 3387828  |r 2025-01-20  |t 1  |w 2019-11-19  |y BK  |k HIS 
952 |0 0  |1 0  |2 ddc  |4 0  |6 323_400000000000000_COR_1996  |7 0  |8 P  |9 260689  |a BIBEDU  |b BIBEDU  |c BIBEDU_PB  |d 2019-11-19  |i 3522954  |o 323.4 COR 1996  |p 3522954  |r 2024-01-25  |t 2  |w 2019-11-19  |y BK  |k EDU